Birju Maharaj : (Record no. 77012)

MARC details
000 -LEADER
fixed length control field 00788nam a22002417a 4500
005 - DATE AND TIME OF LATEST TRANSACTION
control field 20130826121030.0
010 ## - LCCN (DPL NO)
LC control number ENG-107774
020 ## - INTERNATIONAL STANDARD BOOK NUMBER
International Standard Book Number 9789381523827
Terms of availability 995.00
035 ## - SYSTEM CONTROL NUMBER
System control number EN-91307
037 ## - SOURCE OF ACQUISITION
Source of stock number/acquisition DBAD/PUB
082 ## - DEWEY DECIMAL CLASSIFICATION NUMBER
Classification number 793.3192
100 ## - MAIN ENTRY--PERSONAL NAME
Personal name Sen, Saswati
245 ## - TITLE STATEMENT
Title Birju Maharaj :
Statement of responsibility, etc by Saswati Sen
Remainder of title the master through my eyes /
260 ## - PUBLICATION, DISTRIBUTION, ETC. (IMPRINT)
Place of publication, distribution, etc New Delhi
Name of publisher, distributor, etc Niyogi Books
Date of publication, distribution, etc 2013
270 ## - ADDRESS
Address D-78, Okhla Industrial Area, Phase-I
City New Delhi
Postal code 110020
300 ## - PHYSICAL DESCRIPTION
Extent 216p. :
Dimensions 24cm(Hb)
Other physical details ill.(chiefly col.)
500 ## - GENERAL NOTE
General note Includes index
520 ## - SUMMARY, ETC.
Summary, etc Birju Maharaj, Indian classical dancer.
600 ## - SUBJECT ADDED ENTRY--PERSONAL NAME
Personal name Birajū Mahārāja
Dates associated with a name 1938-
650 ## - SUBJECT ADDED ENTRY--TOPICAL TERM
Topical term or geographic name as entry element Kathak dancers
Geographic subdivision India
Form subdivision Biography.
650 ## - SUBJECT ADDED ENTRY--TOPICAL TERM
Topical term or geographic name as entry element Kathak (Dance)
Geographic subdivision India.
942 ## - ADDED ENTRY ELEMENTS (KOHA)
Source of classification or shelving scheme Dewey Decimal Classification
Item type English Books
Call number suffix SEN
Classification part 793.3192
Holdings
Withdrawn status Lost status Not for loan Collection code Home library Current library Date acquired Source of acquisition Cost, normal purchase price Full call number Barcode Copy number Cost, replacement price Koha item type
    Not For Loan Non-fiction D.B.Act.Division D.B.Act.Division 27/06/2013 DBAD/PUB 995.00 793.3192 SEN EN-91307 1 995.00 English Books

© Delhi Public Library
Hit Counter
free hit counter